[Event "Mecklenburg VP VL 1112"]
[Site "Mecklenburg VP"]
[Date "2011.11.20"]
[Round "3.8"]
[White "Haertel, Joachim"]
[Black "Rickmann, Niklas"]
[Result "0-1"]
[WhiteElo "1624"]
[BlackElo "1743"]
[PlyCount "52"]
[EventDate "2011.10.02"]
[EventType "team-tourn"]
[EventRounds "9"]
[EventCountry "GER"]
[SourceTitle "EXT 2022"]
[Source "ChessBase"]
[SourceDate "2021.10.06"]
[SourceVersion "1"]
[SourceVersionDate "2021.10.06"]
[SourceQuality "1"]
[WhiteTeam "Warnemuende SF Ostsee"]
[BlackTeam "Stralsund FHSG"]
[WhiteTeamCountry "GER"]
[BlackTeamCountry "GER"]

1. e4 e6 2. Nf3 d5 3. exd5 exd5 4. Be2 Bd6 5. d4 Ne7 6. 0-0 Bf5 7. Re1 0-0 8. Bg5 f6 9. Be3 c6 10. Nh4 Qc7 11. g3 Nd7 12. Nc3 Rfe8 13. Bg4 Bg6 14. Bh5 Nf8 15. Qg4 f5 16. Qf3 f4 17. Bxg6 Nfxg6 18. Nxg6 Nxg6 19. Bd2 fxg3 20. hxg3 Qd7 21. Kg2 Rf8 22. Qd3 Qg4 23. Rh1 Bf4 24. Ne2 Bxd2 25. Qxd2 Qf3+ 26. Kh3 Rf5 0-1

[Event "Mecklenburg VP VL 1011"]
[Site "Mecklenburg VP"]
[Date "2011.01.23"]
[Round "6.8"]
[White "Haertel, Joachim"]
[Black "Brockmann, Knut"]
[Result "1-0"]
[WhiteElo "1562"]
[BlackElo "1189"]
[PlyCount "69"]
[EventDate "2010.10.10"]
[EventType "team-tourn"]
[EventRounds "9"]
[EventCountry "GER"]
[SourceTitle "EXT 2022"]
[Source "ChessBase"]
[SourceDate "2021.10.06"]
[SourceVersion "1"]
[SourceVersionDate "2021.10.06"]
[SourceQuality "1"]
[WhiteTeam "Warnemuende SF Ostsee"]
[BlackTeam "Wismar ASV Gruen-Weiss"]
[WhiteTeamCountry "GER"]
[BlackTeamCountry "GER"]

1. e4 e5 2. Nf3 Nc6 3. Bc4 Bc5 4. d3 d6 5. c3 Be6 6. Bb3 Nf6 7. Bg5 Qd7 8. Be3 Bxe3 9. fxe3 0-0-0 10. Nbd2 a6 11. Ng5 h6 12. Nxe6 fxe6 13. Qe2 g5 14. Rf1 Rdf8 15. 0-0-0 d5 16. exd5 exd5 17. Ba4 Kb8 18. Nf3 Re8 19. Nxe5 Rxe5 20. Rxf6 Re6 21. Qg4 Rhe8 22. Rdf1 b5 23. Rxe6 Rxe6 24. Rf6 Nd8 25. Bb3 Qd6 26. Rxe6 Nxe6 27. Qf5 c6 28. Qg6 Qe5 29. Qe8+ Kc7 30. Kd2 Kd6 31. Qb8+ Nc7 32. Qf8+ Kd7 33. Qxh6 g4 34. Bd1 g3 35. Qh3+ 1-0

[Event "Mecklenburg VP VL 1011"]
[Site "Mecklenburg VP"]
[Date "2010.10.10"]
[Round "1.8"]
[White "Haertel, Joachim"]
[Black "Isigkeit, Hans Juergen"]
[Result "1/2-1/2"]
[WhiteElo "1562"]
[BlackElo "1645"]
[PlyCount "36"]
[EventDate "2010.10.10"]
[EventType "team-tourn"]
[EventRounds "9"]
[EventCountry "GER"]
[SourceTitle "EXT 2022"]
[Source "ChessBase"]
[SourceDate "2021.10.06"]
[SourceVersion "1"]
[SourceVersionDate "2021.10.06"]
[SourceQuality "1"]
[WhiteTeam "Warnemuende SF Ostsee"]
[BlackTeam "Stralsund FHSG"]
[WhiteTeamCountry "GER"]
[BlackTeamCountry "GER"]

1. e4 c5 2. Nf3 Nc6 3. d4 cxd4 4. Nxd4 Nf6 5. Nc3 e5 6. Nxc6 bxc6 7. a3 d6 8. Bd3 Be7 9. 0-0 0-0 10. b4 d5 11. exd5 cxd5 12. Bb2 Bb7 13. Re1 e4 14. Bf1 Qc7 15. Qe2 a6 16. g3 Rac8 17. Bg2 Bd6 18. Rac1 Be5 1/2-1/2